[Event "Titled Tue 20th May Early"]
[Site "chess.com INT"]
[Date "2025.05.20"]
[Round "1"]
[White "Daspres, Loic"]
[Black "Sahib, Singh"]
[Result "0-1"]
[WhiteTitle "CM"]
[BlackTitle "FM"]
[WhiteElo "2207"]
[BlackElo "2416"]
[WhiteFideId "20612281"]
[BlackFideId "25618342"]
[EventDate "2025.05.20"]

1. e4 e5 2. Nf3 Nc6 3. Bb5 Nf6 4. d3 Bc5 5. c3 d6 6. h3 O-O 7. Bg5 h6 8. Be3 Bb6
9. O-O Ne7 10. Ba4 g5 11. Nh2 Ng6 12. Bb3 Nf4 13. Ng4 Kg7 14. Bxb6 axb6 15. Ne3
h5 16. Nf5+ Bxf5 17. exf5 Qd7 18. d4 Qxf5 19. Bc2 e4 20. Nd2 Qd5 21. Bb3 Qc6 22.
Nc4 b5 23. Ne3 d5 24. Kh2 Kg6 25. g3 Nd3 26. Qd2 h4 27. Bc2 Nxb2 28. Bxe4+ Nxe4
29. Qxb2 Qxc3 30. Qxb5 hxg3+ 31. Kg2 gxf2 32. Qe2 Qxd4 33. Rad1 Qe5 34. Rxd5
Qg3+ 35. Kh1 Qxh3# 0-1

[Event "Titled Tue 20th May Early"]
[Site "chess.com INT"]
[Date "2025.05.20"]
[Round "1"]
[White "Gelman, Alexander"]
[Black "Karimova, Guldona"]
[Result "1-0"]
[WhiteTitle "IM"]
[BlackTitle "WIM"]
[WhiteElo "2403"]
[BlackElo "2265"]
[WhiteFideId "4118316"]
[BlackFideId "14210410"]
[EventDate "2025.05.20"]

1. d4 Nf6 2. Nc3 d5 3. Bf4 a6 4. e3 e6 5. g4 h6 6. h4 c5 7. Qf3 Nc6 8. O-O-O c4
9. g5 hxg5 10. hxg5 Rxh1 11. Qxh1 Ng8 12. e4 Nge7 13. Bg2 dxe4 14. Bxe4 Qb6 15.
Nf3 Bd7 16. Qf1 Na5 17. Ne5 Bb5 18. d5 f6 19. gxf6 gxf6 20. Qh3 O-O-O 21. Nf7
Rd7 22. d6 Nf5 23. Bxf5 exf5 24. Qxf5 Qxf2 25. Ne4 Bh6 26. Nxf2 Bxf4+ 27. Qxf4
Bc6 28. Qxf6 Rxd6 29. Nxd6+ 1-0

[Event "Titled Tue 20th May Early"]
[Site "chess.com INT"]
[Date "2025.05.20"]
[Round "1"]
[White "Sklokin, Sergey"]
[Black "Villalba, Marcelo"]
[Result "1-0"]
[WhiteTitle "FM"]
[BlackTitle "IM"]
[WhiteElo "2311"]
[BlackElo "2233"]
[WhiteFideId "55730230"]
[BlackFideId "3701859"]
[EventDate "2025.05.20"]

1. d4 Nf6 2. c4 e6 3. Nf3 d5 4. g3 dxc4 5. Bg2 a6 6. Ne5 Nc6 7. Nxc6 bxc6 8.
Bxc6+ Bd7 9. Bxa8 Qxa8 10. O-O h5 11. h4 Bd6 12. Nc3 O-O 13. Bg5 e5 14. Bxf6
gxf6 15. e4 Bg4 16. Qd2 exd4 17. Qxd4 Be5 18. Qe3 Rd8 19. Nd5 Rxd5 20. exd5 Qxd5
21. Kh2 Bxb2 22. Rae1 Be5 23. f3 Bf5 24. Rd1 Bd3 25. Rfe1 Kg7 26. Kg2 Bd4 27.
Qe8 Be5 28. Qa4 c5 29. Qxa6 Bc3 30. Re8 f5 31. Qc8 Kg6 32. Rg8+ Bg7 33. Qf8 Qd4
34. Qxg7+ Qxg7 35. Rxg7+ Kxg7 36. a4 Kf6 37. a5 Ke6 38. a6 1-0

[Event "Titled Tue 20th May Early"]
[Site "chess.com INT"]
[Date "2025.05.20"]
[Round "1"]
[White "Chelly, Yahya"]
[Black "Manvelyan, Mikayel"]
[Result "1-0"]
[WhiteTitle "CM"]
[BlackTitle "FM"]
[WhiteElo "2039"]
[BlackElo "2362"]
[WhiteFideId "5516200"]
[BlackFideId "13310143"]
[EventDate "2025.05.20"]

1. d4 d5 2. c4 e6 3. Nc3 Nf6 4. Bg5 Be7 5. Bxf6 Bxf6 6. Nf3 O-O 7. e3 b6 8. Bd3
dxc4 9. Bxc4 Bb7 10. Bd3 Nd7 11. h4 h6 12. Be4 Bxe4 13. Nxe4 c5 14. g4 cxd4 15.
exd4 Be7 16. g5 h5 17. Rg1 g6 18. Qe2 Rc8 19. Rd1 Nb8 20. Kf1 Nc6 21. a3 Qd5 22.
Kg2 Rfd8 23. Rd2 Qf5 24. Ng3 Qg4 25. Rgd1 Rd5 26. Rc1 Rdd8 27. d5 Na5 28. Rxc8
Rxc8 29. d6 Bf8 30. Rd4 Qxd4 31. Nxd4 Bxd6 32. Nxe6 Re8 33. Ne4 Rxe6 34. Nf6+
Kf8 35. Qa6 Nc6 36. Qc8+ Nd8 37. Qxd8+ 1-0

[Event "Titled Tue 20th May Early"]
[Site "chess.com INT"]
[Date "2025.05.20"]
[Round "1"]
[White "Andrade, Ivan"]
[Black "Ismagilov, Damir"]
[Result "1-0"]
[WhiteTitle "FM"]
[BlackTitle "CM"]
[WhiteElo "2161"]
[BlackElo "2173"]
[WhiteFideId "14800039"]
[BlackFideId "34199982"]
[EventDate "2025.05.20"]

1. e4 c5 2. Nf3 e6 3. d4 cxd4 4. Nxd4 Nc6 5. Nb5 d6 6. N1c3 a6 7. Nd4 Nf6 8. Be3
Be7 9. f3 h5 10. Qd2 Nxd4 11. Qxd4 O-O 12. O-O-O b5 13. Kb1 Bb7 14. h3 h4 15.
Bg5 Nh5 16. Bxe7 Qxe7 17. Qxd6 Qxd6 18. Rxd6 Rfd8 19. Rb6 Rd7 20. Be2 Nf4 21.
Rg1 Rad8 22. a3 Kf8 23. Kc1 Ke7 24. Bf1 Rc8 25. g3 hxg3 26. Rxg3 g6 27. Rg4 e5
28. Rg5 f6 29. Rg4 Rh8 30. h4 Kf7 31. a4 bxa4 32. Bc4+ Kg7 33. Nxa4 1-0

[Event "Titled Tue 20th May Early"]
[Site "chess.com INT"]
[Date "2025.05.20"]
[Round "1"]
[White "Nowak, Mikolaj"]
[Black "Khoo-Thwe, Louis"]
[Result "1-0"]
[WhiteElo "2316"]
[BlackElo "2214"]
[WhiteFideId "1191365"]
[BlackFideId "1538756"]
[EventDate "2025.05.20"]

1. f3 e5 2. Kf2 Nf6 3. g3 d5 4. Bh3 Bc5+ 5. Kg2 O-O 6. d3 Nc6 7. Bg5 h6 8. Bxf6
Qxf6 9. e4 dxe4 10. dxe4 Bxh3+ 11. Nxh3 Rad8 12. Qc1 Nd4 13. Rf1 Rd7 14. c3 Ne6
15. b4 Bb6 16. a4 a6 17. a5 Ba7 18. Ra2 Rfd8 19. Re2 Rd3 20. Qc2 Ng5 21. Nxg5
Qxg5 22. Qc1 Qg6 23. Qc2 Qd6 24. h4 g6 25. Na3 Qc6 26. Nb1 Kg7 27. Rc1 Qf6 28.
Rf1 h5 29. Rd2 Qd6 30. Rfd1 Rxd2+ 31. Rxd2 Qe7 32. Rd3 f6 33. Qd2 Rxd3 34. Qxd3
Qd6 35. Qxd6 cxd6 36. Na3 Kf7 37. g4 Ke6 38. c4 b5 39. cxb5 axb5 40. Nxb5 Be3
41. Nc7+ Kd7 42. Nd5 f5 43. gxh5 gxh5 44. b5 fxe4 45. fxe4 Bd4 46. Kf3 Ke6 47.
Ke2 Kd7 48. Nf6+ Kc8 49. Nxh5 Bc3 50. a6 Kc7 51. Nf6 Kb6 52. Nd5+ Kxb5 53. a7 1-0

[Event "Titled Tue 20th May Early"]
[Site "chess.com INT"]
[Date "2025.05.20"]
[Round "1"]
[White "Malyshev, Vasilij"]
[Black "Newansa, M Esandi"]
[Result "0-1"]
[WhiteTitle "IM"]
[BlackTitle "WCM"]
[WhiteElo "2353"]
[BlackElo "1947"]
[WhiteFideId "4105346"]
[BlackFideId "9999060"]
[EventDate "2025.05.20"]

1. d4 d5 2. c4 c6 3. Nf3 Nf6 4. Nc3 dxc4 5. a4 Bf5 6. e3 e6 7. Bxc4 Bb4 8. O-O
O-O 9. Nh4 Bg4 10. Qb3 Qe7 11. f3 Bh5 12. g4 Bg6 13. Ng2 h5 14. g5 Nh7 15. h4
Rd8 16. Rd1 a5 17. e4 Na6 18. Be3 Nf8 19. Rac1 Nd7 20. Nf4 Nf8 21. Nd3 Nd7 22.
Kg2 Nb6 23. Bxa6 Rxa6 24. Nf4 Nd7 25. Nxg6 fxg6 26. Ne2 Nf8 27. Nf4 Kh7 28. Nd3
Bd6 29. f4 Qc7 30. Nc5 Rb6 31. Qc3 Rb4 32. Ra1 Bxf4 33. Nd3 Bh2 34. Nxb4 Qg3+
35. Kh1 axb4 36. Qe1 Qh3 37. Qf1 Qxh4 38. Qf3 Bg3+ 39. Kg2 Qh2+ 40. Kf1 Nd7 41.
Bg1 Qh3+ 42. Ke2 Rf8 43. Qe3 Qg2+ 44. Kd3 Rf3 45. Rd2 Rxe3+ 46. Bxe3 Qf3 47. Re2
c5 48. Rd1 cxd4 0-1

[Event "Titled Tue 20th May Early"]
[Site "chess.com INT"]
[Date "2025.05.20"]
[Round "1"]
[White "Jiganchine, Roman"]
[Black "Rozman, Levy"]
[Result "1/2-1/2"]
[WhiteTitle "CM"]
[BlackTitle "IM"]
[WhiteElo "2205"]
[BlackElo "2324"]
[WhiteFideId "2603667"]
[BlackFideId "2039877"]
[EventDate "2025.05.20"]

1. Nf3 d5 2. e3 Nf6 3. c4 e6 4. b3 Nbd7 5. Bb2 a6 6. Nc3 b6 7. d4 Bd6 8. Bd3 Bb7
9. O-O O-O 10. Qe2 Ne4 11. Rac1 f5 12. Bb1 Qf6 13. a3 Qh6 14. g3 Ndf6 15. Nxe4
dxe4 16. Ne5 Bxe5 17. dxe5 Ng4 18. h4 g5 19. Kg2 Rad8 20. Rh1 Rd3 21. c5 Qh5 22.
hxg5 Qe8 23. c6 Bxc6 24. Bd4 Qd7 25. Qc2 Bd5 26. Qxc7 Rd8 27. Rxh7 Qxc7 28.
Rcxc7 Rd2 29. Rcg7+ Kf8 30. Rf7+ Ke8 31. Re7+ Kf8 32. Ref7+ Ke8 33. Re7+ Kf8 34.
Ref7+ 1/2-1/2

[Event "Titled Tue 20th May Early"]
[Site "chess.com INT"]
[Date "2025.05.20"]
[Round "1"]
[White "Vyom Malhotra"]
[Black "Nitish, Belurkar"]
[Result "0-1"]
[WhiteTitle "CM"]
[BlackTitle "IM"]
[WhiteElo "1975"]
[BlackElo "2454"]
[WhiteFideId "33383561"]
[BlackFideId "5084768"]
[EventDate "2025.05.20"]

1. e4 c5 2. Be2 Nc6 3. d3 g6 4. c3 Bg7 5. f4 d5 6. e5 h5 7. Nf3 Nh6 8. d4 O-O 9.
Be3 cxd4 10. cxd4 Nf5 11. Bf2 Qb6 12. Qd2 Bd7 13. Nc3 e6 14. O-O Rfc8 15. h3 Bf8
16. g4 hxg4 17. hxg4 Nh6 18. Ng5 Na5 19. b3 Bb4 20. Rac1 Kg7 21. Qe3 Rh8 22. Nh3
Bxc3 23. Rxc3 Bb5 24. Rd1 Bxe2 25. Qxe2 Rac8 26. Rcd3 Nc6 27. Bh4 Ng8 28. Qf2
Nb4 29. R3d2 Rc3 30. Kg2 Qb5 31. Bg3 Nd3 32. Qf1 Nxf4+ 33. Nxf4 Qb4 34. Qf2 Nh6
35. Qe2 Qe7 36. Rh1 Qg5 37. Bh4 Qxf4 38. Bf6+ Kg8 39. g5 Rg3+ 40. Kh2 Ng4# 0-1

[Event "Titled Tue 20th May Early"]
[Site "chess.com INT"]
[Date "2025.05.20"]
[Round "1"]
[White "Yelisieiev, Yevhenii"]
[Black "Shokirjonova, Barchinoy"]
[Result "1-0"]
[WhiteTitle "IM"]
[BlackTitle "WFM"]
[WhiteElo "2412"]
[BlackElo "2043"]
[WhiteFideId "14139642"]
[BlackFideId "14212307"]
[EventDate "2025.05.20"]

1. d4 d5 2. Nf3 Nf6 3. c4 c6 4. Nc3 e6 5. e3 Bd6 6. Qc2 O-O 7. b3 Nbd7 8. Bb2
Qe7 9. Be2 e5 10. cxd5 cxd5 11. dxe5 Nxe5 12. Rd1 Be6 13. O-O Nc6 14. h3 Rac8
15. Qb1 Rfd8 16. Rd2 Ne5 17. Rfd1 Nxf3+ 18. Bxf3 Bb4 19. Qa1 g6 20. a3 Bxc3 21.
Bxc3 Ne8 22. Bxd5 Bxd5 23. Rxd5 Rxd5 24. Rxd5 f6 25. Rd1 Kf7 26. Bb4 Qe6 27. Qd4
Rc7 28. Qd8 b6 29. Kh2 a5 30. Be1 Qe5+ 31. g3 Qe6 32. b4 a4 33. b5 Rc2 34. Rd7+
Kf8 35. Rxh7 Re2 36. Bb4+ Kg8 37. Re7 Rxf2+ 38. Kg1 Rg2+ 39. Kxg2 Qa2+ 40. Kf3 1-0

[Event "Titled Tue 20th May Early"]
[Site "chess.com INT"]
[Date "2025.05.20"]
[Round "1"]
[White "Khamdamova, Afruza"]
[Black "Berezin, Viktor RUS"]
[Result "1-0"]
[WhiteTitle "WIM"]
[BlackTitle "FM"]
[WhiteElo "2344"]
[BlackElo "1921"]
[WhiteFideId "14210444"]
[BlackFideId "4128869"]
[EventDate "2025.05.20"]

1. e4 e5 2. Nf3 Nc6 3. Bb5 Nf6 4. O-O Nxe4 5. Re1 Nd6 6. Nxe5 Be7 7. Bf1 Nxe5 8.
Rxe5 O-O 9. d4 Bf6 10. Re1 Nf5 11. c3 d5 12. Bf4 Be6 13. Nd2 Re8 14. Qc2 h6 15.
Bd3 Nd6 16. Nf3 Re7 17. Be5 Bxe5 18. Nxe5 Qf8 19. Re3 Rae8 20. Rae1 Bc8 21. Rf3
c5 22. Bh7+ Kh8 23. Ng6+ fxg6 24. Rxf8+ Rxf8 25. Rxe7 Kxh7 26. dxc5 Ne4 27. f3
Nxc5 28. Qf2 Nd7 29. Qd4 Nf6 30. a4 a6 31. a5 Rd8 32. Qxf6 Rg8 33. Qd6 g5 34.
Qxd5 Rf8 35. Qe4+ Bf5 36. Qxb7 Rg8 37. g4 Bg6 38. Qxa6 Kh8 39. Qxg6 h5 40. Qxh5# 1-0

[Event "Titled Tue 20th May Early"]
[Site "chess.com INT"]
[Date "2025.05.20"]
[Round "1"]
[White "Brown, Akeem"]
[Black "Moosavifar, Seyed Abolfazl"]
[Result "0-1"]
[WhiteTitle "CM"]
[BlackTitle "FM"]
[WhiteElo "2055"]
[BlackElo "2303"]
[WhiteFideId "7402023"]
[BlackFideId "42548195"]
[EventDate "2025.05.20"]

1. e4 e5 2. Nf3 d6 3. Bc4 Be6 4. Bxe6 fxe6 5. d4 exd4 6. Nxd4 e5 7. Nf3 Nc6 8.
O-O Nf6 9. Nc3 Be7 10. Bg5 O-O 11. Re1 h6 12. Bxf6 Bxf6 13. Nd5 Kh8 14. c3 Ne7
15. Nxe7 Qxe7 16. Qb3 c6 17. Rad1 Rad8 18. Rd3 Rd7 19. Red1 Rfd8 20. h3 d5 21.
exd5 e4 22. Re3 cxd5 23. Nd4 Bg5 24. Re2 a6 25. Nc2 Qe5 26. Ne3 d4 27. Nc4 Qf5
28. cxd4 Rxd4 29. Rde1 b5 30. Ne3 Qg6 31. a3 Bf4 32. Nd1 Rd3 33. Qc2 R8d4 34.
Nc3 Bd2 35. Rxe4 Bxc3 36. bxc3 Rxe4 37. Rxe4 Qxe4 0-1

[Event "Titled Tue 20th May Early"]
[Site "chess.com INT"]
[Date "2025.05.20"]
[Round "1"]
[White "Jimenez Almeida, Luis David"]
[Black "Andersen, Alec"]
[Result "0-1"]
[WhiteTitle "FM"]
[WhiteElo "2188"]
[BlackElo "2019"]
[WhiteFideId "22242244"]
[BlackFideId "2096978"]
[EventDate "2025.05.20"]

1. e4 c5 2. Nc3 d6 3. g3 Nf6 4. Bg2 a6 5. d3 Nc6 6. a4 Rb8 7. Nge2 e6 8. O-O Be7
9. h3 O-O 10. Be3 d5 11. exd5 exd5 12. Bf4 Bd6 13. Bg5 d4 14. Ne4 Be7 15. Bxf6
Bxf6 16. Nxc5 Qb6 17. Ne4 Be7 18. Qd2 h6 19. Nf4 f5 20. Nd5 Qd8 21. Rfe1 fxe4
22. dxe4 Bc5 23. Kh2 Be6 24. c3 dxc3 25. bxc3 Rxf2 26. Qd3 Ne5 27. Qb1 Nf3+ 28.
Kh1 Nxe1 29. Qxe1 Bxd5 30. exd5 Qd6 31. Qe4 Rbf8 32. Qg4 Qf6 33. Qe4 Bd6 34. Rb1
Qe5 35. Qg4 Qxg3 36. Qxg3 Bxg3 37. Rxb7 Rc2 38. Be4 Rxc3 39. Bg6 Bd6 0-1

[Event "Titled Tue 20th May Early"]
[Site "chess.com INT"]
[Date "2025.05.20"]
[Round "1"]
[White "Rustemov, Alexander"]
[Black "Alonso, Raphael V. P. Patricio"]
[Result "1-0"]
[WhiteTitle "GM"]
[WhiteElo "2525"]
[BlackElo "2130"]
[WhiteFideId "4119002"]
[BlackFideId "2108585"]
[EventDate "2025.05.20"]

1. d4 d6 2. e4 g6 3. c4 Bg7 4. Nc3 Nf6 5. h3 O-O 6. Be3 e5 7. d5 Na6 8. g4 Nc5
9. f3 a5 10. Nge2 Nfd7 11. Ng3 c6 12. Qd2 cxd5 13. cxd5 Rb8 14. h4 b6 15. h5 Ba6
16. Bxa6 Nxa6 17. Qe2 Nac5 18. a4 Nb3 19. Rd1 Nd4 20. Qg2 Nc5 21. O-O Qd7 22.
Ra1 Rfc8 23. Rfd1 Ncb3 24. Ra3 b5 25. axb5 Rc5 26. Nge2 Nxe2+ 27. Qxe2 Nd4 28.
Qf2 Ra8 29. Rda1 Qc7 30. Kg2 Qb6 31. Ra4 Qc7 32. R1a3 Rc4 33. Qf1 Rxa4 34. Rxa4
Qb7 35. Qc4 Qb6 36. b4 f5 37. h6 Bf8 38. bxa5 Qb7 39. a6 1-0

[Event "Titled Tue 20th May Early"]
[Site "chess.com INT"]
[Date "2025.05.20"]
[Round "1"]
[White "Shuvalov, Evgenij"]
[Black "Mohylnyi, Stepan"]
[Result "1-0"]
[BlackTitle "FM"]
[WhiteElo "1986"]
[BlackElo "2314"]
[WhiteFideId "4187237"]
[BlackFideId "34127836"]
[EventDate "2025.05.20"]

1. d4 Nf6 2. c4 g6 3. Nc3 d5 4. cxd5 Nxd5 5. e4 Nxc3 6. bxc3 Bg7 7. Bc4 O-O 8.
Ne2 c5 9. Be3 Nc6 10. Rc1 cxd4 11. cxd4 Qa5+ 12. Rc3 Bg4 13. f3 Be6 14. Bxe6
fxe6 15. Qd2 e5 16. d5 Nd4 17. Rd3 Qa4 18. Nxd4 exd4 19. Bxd4 Rac8 20. Bxg7 Rc2
21. Bxf8 Rxd2 22. Rxd2 Kxf8 23. O-O Qb4 24. Rc2 Qd4+ 25. Kh1 Qd3 26. Rfc1 Kf7
27. h3 Kf6 28. Rc7 Qd2 29. Rb1 Ke5 30. Rxe7+ Kf4 31. Rexb7 Kg3 32. Rg1 h5 33.
Rxa7 g5 34. Rg7 Qe3 35. d6 Qd2 36. e5 g4 37. fxg4 h4 38. d7 Qd5 39. e6 Kf2 40.
Rf7+ Kg3 1-0

[Event "Titled Tue 20th May Early"]
[Site "chess.com INT"]
[Date "2025.05.20"]
[Round "1"]
[White "Nagare Kaivalya Sandip"]
[Black "Rodriguez, Eric"]
[Result "0-1"]
[WhiteTitle "FM"]
[BlackTitle "FM"]
[WhiteElo "2321"]
[BlackElo "2258"]
[WhiteFideId "25957929"]
[BlackFideId "2023628"]
[EventDate "2025.05.20"]

1. e4 e6 2. d4 d5 3. Nc3 Bb4 4. e5 c5 5. a3 Bxc3+ 6. bxc3 Ne7 7. Qg4 Qc7 8. Bd3
cxd4 9. Ne2 dxc3 10. Qxg7 Rg8 11. Qxh7 Nbc6 12. f4 Bd7 13. Be3 Rxg2 14. Ng3
O-O-O 15. Qh3 Rd2 16. O-O Rxd3 17. cxd3 d4 18. Bc1 Rg8 19. Qh7 Be8 20. a4 Rg6
21. Kh1 Nb4 22. Ne4 Nxd3 23. Rf3 Bc6 24. Qh8+ Rg8 25. Qh7 Rg6 26. Qh8+ Ng8 27.
Rg3 Bxe4+ 28. Kg1 Qd8 29. Ba3 Nh6 30. Qxd8+ Kxd8 31. Kf1 Nf5 32. Rxg6 fxg6 33.
Ke2 Nxf4+ 34. Kd1 d3 0-1

[Event "Titled Tue 20th May Early"]
[Site "chess.com INT"]
[Date "2025.05.20"]
[Round "1"]
[White "Bachmann, Axel"]
[Black "Pacheco, Daniel"]
[Result "1-0"]
[WhiteTitle "GM"]
[BlackTitle "FM"]
[WhiteElo "2570"]
[BlackElo "2191"]
[WhiteFideId "3700488"]
[BlackFideId "101680"]
[EventDate "2025.05.20"]

1. d4 Nf6 2. Nf3 g6 3. c4 Bg7 4. Nc3 c5 5. d5 O-O 6. e4 d6 7. h3 a6 8. Bd3 b5 9.
cxb5 axb5 10. Nxb5 Ba6 11. Nc3 Qa5 12. O-O Nbd7 13. Bf4 Rfb8 14. Rb1 Nh5 15. Bg5
Nhf6 16. Bxa6 Qxa6 17. Re1 Nb6 18. e5 dxe5 19. Nxe5 Na4 20. Nxa4 Qxa4 21. Qxa4
Rxa4 22. Nc6 Re8 23. Bxf6 Bxf6 24. d6 e6 25. Red1 Rea8 26. d7 Bd8 27. Rbc1 Rxa2
28. Rxc5 Kf8 29. Rb5 Ra1 30. Rxa1 Rxa1+ 31. Kh2 Bc7+ 32. g3 Rd1 33. d8=Q+ Bxd8
34. Rb8 Ke8 35. b4 Rd6 36. b5 e5 37. Nxe5 Rb6 38. Rxb6 Bxb6 39. Kg2 Ke7 40. Kf3
f6 41. Nc4 Bc5 42. g4 Ke6 43. Ke2 Kd5 44. Ne3+ Ke4 45. f3+ Kf4 46. Nd5+ Kg3 47.
b6 Kxh3 48. b7 Bd6 49. Nxf6 1-0

[Event "Titled Tue 20th May Early"]
[Site "chess.com INT"]
[Date "2025.05.20"]
[Round "1"]
[White "Sahbudak, Baris Cinar"]
[Black "Nihal, Sarin"]
[Result "0-1"]
[WhiteTitle "CM"]
[BlackTitle "GM"]
[WhiteElo "2072"]
[BlackElo "2693"]
[WhiteFideId "26351633"]
[BlackFideId "25092340"]
[EventDate "2025.05.20"]

1. e4 c6 2. d4 g6 3. Nf3 Bg7 4. Be3 d6 5. Nc3 b5 6. a3 Bb7 7. Bd3 Nd7 8. O-O a6
9. Re1 Rc8 10. Rb1 c5 11. d5 Ngf6 12. Bf4 O-O 13. Bf1 Ng4 14. h3 Nge5 15. Nxe5
Nxe5 16. Ne2 Re8 17. Ng3 e6 18. b3 exd5 19. exd5 c4 20. bxc4 Nxc4 21. Rxe8+ Qxe8
22. Bxc4 Rxc4 23. Bxd6 Qd7 24. Bb4 Bxd5 25. Qd3 h5 26. Nf1 Rd4 27. Qg3 Be4 28.
Re1 Bxc2 29. Bc3 Rd1 30. Qb8+ Kh7 31. Bxg7 Kxg7 32. Rxd1 Qxd1 33. Qe5+ Kh7 34.
Qf6 Bb3 35. Kh2 Qxf1 36. Qxa6 Qxf2 37. Qxb5 Qf4+ 38. Kg1 Qc1+ 39. Kh2 Qxa3 40.
Qb7 Qd6+ 41. Kg1 Qd4+ 42. Kh2 Qe5+ 43. Kg1 Bd5 44. Qd7 Qe1+ 45. Kh2 Qe4 0-1

[Event "Titled Tue 20th May Early"]
[Site "chess.com INT"]
[Date "2025.05.20"]
[Round "1"]
[White "Goryachkina, Aleksandra"]
[Black "Lissillour, Baptiste"]
[Result "1-0"]
[WhiteTitle "GM"]
[WhiteElo "2544"]
[BlackElo "2318"]
[WhiteFideId "4147103"]
[BlackFideId "45179620"]
[EventDate "2025.05.20"]

1. c4 Nf6 2. Nc3 g6 3. g3 Bg7 4. Bg2 O-O 5. e3 c6 6. Nge2 d5 7. cxd5 cxd5 8. d4
Nc6 9. O-O Re8 10. Nf4 e6 11. Bd2 b6 12. Rc1 Bb7 13. Qa4 Na5 14. Qc2 Rc8 15.
Rfd1 Bf8 16. Qb1 Nc4 17. Be1 Qd7 18. Nd3 h5 19. b3 Na3 20. Qb2 Ba6 21. Ne5 Qd8
22. Na4 Nd7 23. Nc6 Qf6 24. Nxa7 Ra8 25. Nc6 Bb5 26. Bf1 Bxa4 27. bxa4 Rec8 28.
Ne5 Nxe5 29. dxe5 Qe7 30. Rxc8 Rxc8 31. Qxb6 Nc2 32. a5 Qa3 33. a6 Bc5 34. Qb7
Rf8 35. Bd2 h4 36. Rc1 hxg3 37. hxg3 Qxa2 38. Bd3 Nb4 39. Bxb4 Qb2 40. Rxc5 Qa1+
41. Kg2 Qxe5 42. Rc8 1-0

[Event "Titled Tue 20th May Early"]
[Site "chess.com INT"]
[Date "2025.05.20"]
[Round "1"]
[White "Chiang, Jacob"]
[Black "Chaulagain, Purusottam"]
[Result "1/2-1/2"]
[BlackTitle "CM"]
[WhiteElo "2006"]
[BlackElo "1898"]
[WhiteFideId "30962331"]
[BlackFideId "12300730"]
[EventDate "2025.05.20"]

1. c4 e6 2. Nc3 d5 3. d4 c6 4. Nf3 dxc4 5. a4 Bb4 6. e3 b5 7. axb5 cxb5 8. Bd2
Bxc3 9. Bxc3 Ne7 10. b3 cxb3 11. Bxb5+ Bd7 12. Qxb3 O-O 13. O-O Qb6 14. Bc4 Qxb3
15. Bxb3 Nbc6 16. Rfc1 a5 17. e4 Rfb8 18. Ba4 Be8 19. Kf1 Nb4 20. Bxe8 Rxe8 21.
Ke2 f6 22. Nd2 Nec6 23. Nc4 f5 24. f3 Red8 25. Ke3 a4 26. Nb6 Ra6 27. Nxa4 Rda8
28. Nc5 Rxa1 29. Bxa1 Rxa1 30. Rxa1 Nc2+ 31. Kf4 Nxa1 32. Nxe6 fxe4 33. d5 Nb8
34. fxe4 Nb3 35. Ke5 Kf7 36. Kd6 g6 37. Kc7 Na6+ 38. Kb7 Nac5+ 39. Nxc5 Nxc5+
40. Kc6 Nxe4 41. d6 Nxd6 42. Kxd6 Kf6 43. Kd5 Kf5 44. Kd4 Kf4 45. Kd3 h5 46. Ke2
h4 47. Kf2 g5 48. g3+ Kg4 49. gxh4 Kxh4 1/2-1/2

[Event "Titled Tue 20th May Early"]
[Site "chess.com INT"]
[Date "2025.05.20"]
[Round "1"]
[White "Niemann, Hans Moke"]
[Black "Ezat, Mohamed"]
[Result "1-0"]
[WhiteTitle "GM"]
[BlackTitle "IM"]
[WhiteElo "2736"]
[BlackElo "2296"]
[WhiteFideId "2093596"]
[BlackFideId "10600906"]
[EventDate "2025.05.20"]

1. e4 c6 2. d4 d5 3. e5 Bf5 4. Nd2 e6 5. Nb3 Nd7 6. Nf3 Ne7 7. Be2 h6 8. O-O g5
9. a4 Ng6 10. Bd3 Bxd3 11. Qxd3 c5 12. dxc5 Bg7 13. Qe2 Ndxe5 14. Nxe5 Bxe5 15.
a5 a6 16. Re1 Qf6 17. Ra4 Bxb2 18. Bxb2 Qxb2 19. Rb4 O-O 20. Qd2 Rab8 21. Nd4
Qa3 22. Reb1 Qxa5 23. Qc3 Rfc8 24. Nb3 Qc7 25. Qe3 a5 26. Rb5 a4 27. Nd4 Qe5 28.
c6 Qxe3 29. fxe3 a3 30. Rxb7 Ra8 31. c7 a2 32. Ra1 Ne5 33. Nb5 Nc4 34. Na7 Rf8
35. Rxa2 Nd6 36. Rbb2 Nc8 37. Nc6 Rxa2 38. Rxa2 Kg7 39. Ra8 f5 40. Nd8 Kf6 41.
Rxc8 Re8 42. Ra8 1-0

[Event "Titled Tue 20th May Early"]
[Site "chess.com INT"]
[Date "2025.05.20"]
[Round "1"]
[White "Poormosavi, Seyed Kian"]
[Black "Behzad Nazif, Parva"]
[Result "0-1"]
[WhiteTitle "IM"]
[BlackTitle "WIM"]
[WhiteElo "2379"]
[BlackElo "2090"]
[WhiteFideId "12585807"]
[BlackFideId "12563790"]
[EventDate "2025.05.20"]

1. d4 Nf6 2. c4 g6 3. Nc3 Bg7 4. e4 d6 5. Be2 O-O 6. Bg5 h6 7. Be3 c5 8. d5 e6
9. Qd2 exd5 10. exd5 Kh7 11. h4 Re8 12. h5 Ng4 13. hxg6+ fxg6 14. Bxg4 Bxg4 15.
Nge2 h5 16. f3 Bd7 17. g4 Qe7 18. Bg5 Qf7 19. gxh5 gxh5 20. O-O-O Na6 21. Ng3
Kg8 22. Nxh5 Bd4 23. Ne4 Bf5 24. Nef6+ Kf8 25. Bh6+ Ke7 26. Rde1+ Be5 27. Nxe8
Rxe8 28. f4 Nb4 0-1

[Event "Titled Tue 20th May Early"]
[Site "chess.com INT"]
[Date "2025.05.20"]
[Round "1"]
[White "Mansurova, Mumtozbegim"]
[Black "Shukhman, Anna"]
[Result "0-1"]
[WhiteTitle "WCM"]
[BlackTitle "WGM"]
[WhiteElo "1768"]
[BlackElo "2413"]
[WhiteFideId "14215780"]
[BlackFideId "54180058"]
[EventDate "2025.05.20"]

1. e4 c5 2. Nf3 d6 3. d4 cxd4 4. Nxd4 Nf6 5. Nc3 g6 6. Be3 Nc6 7. f3 h5 8. Bc4
Bd7 9. Qd2 Bg7 10. Bb3 Na5 11. O-O-O Rc8 12. Kb1 Nc4 13. Bxc4 Rxc4 14. Qe2 Qc8
15. Nb3 O-O 16. h3 h4 17. Qf2 b5 18. Rd2 a5 19. Nxa5 Rxc3 20. bxc3 Qxc3 21. Bd4
Qxa5 22. Bb6 Qa3 23. Bd4 Ra8 24. c3 e5 25. Be3 Qxc3 26. Rc1 Qa3 27. Rb2 Be6 28.
Qd2 Nd7 29. Rc3 Qa5 30. Qxd6 Qxc3 31. Bd2 Qc4 32. a3 Qf1+ 33. Kc2 Rc8+ 34. Bc3
Qe2+ 35. Qd2 Rxc3+ 36. Kxc3 Qc4# 0-1